000 00964nam a2200265Ia 4500
003 OSt
005 20221005104213.0
006 a|||||r|||| 00| 0
007 ta
008 221004b |||||||| |||| 00| 0 hin d
020 _a8187418044 (hbk)
_c600
024 _a118991
037 _b201/2011-12, 21/10/2011, Classic Book Service
_cTextual
040 _aCRL
_cCRL
_bhin
041 _2hin
_ahin
082 _aV2:72, 152Q0
100 _aसैनी, रणजीत सिंह
245 0 _aअभिलेखमन्जूषा
246 _aAbhilekhamanjūṣhā
260 _aदिल्ली
_bन्यू भारतीय बुक कॉर्पोरेशन भारत
_c2010
300 _a382पृ0
_ccm.
650 _aविश्व-इतिहास
942 _hV2:72, 152Q0
_cTEXL
_2cc
999 _c1012017
_d1012017